War Thunder Ground Vehicles - Picture Quiz - Statistics

General Stats
  • This quiz has been taken 540 times
  • The average score is 30 of 100
Answer Stats
Picture Answer % Correct
IS-2 No.321
99%
Turm III
86%
ZTZ99-III
85%
PUMA
73%
Gepard
65%
Sd.Kfz 234/4
64%
M4/T26
63%
Sd.Kfz 234/2
63%
Leopard 2A4
61%
Panzerhaubitze 2000
61%
AMX-30 Mod.1972
59%
IS-7
54%
T-90M
54%
Leopard 2A5
53%
Leopard 2A6
53%
T34
51%
HSTV-L
50%
BMP-2M
49%
IS-6
48%
RDF/LT
43%
Sturmtiger
43%
Leopard 2A7v
42%
Leopard 2PL
42%
M44
42%
T-80BVM
42%
TAM
42%
Fox
41%
M109G
40%
M1A2 SEP
39%
T-44-100
39%
AMX-30 Super
38%
T-90A
37%
Ozelot
35%
Type 90
35%
Wiesel 1A2
35%
Wiesel 1A4
35%
Marder A1
32%
Raketenautomat
32%
Type 10
32%
Leopard 2PSO
31%
M1A1 Clickbait
31%
Pantsir-S1
31%
M1A2 SEP V2
30%
T-72B3
30%
BMD-4M
29%
M109A1
29%
M1 KVT
29%
T-80UK
29%
Waffentrager
29%
Tiger Ost
28%
Tiger West
28%
Type 93
28%
M1A1 AIM
27%
ZSU-23-4
27%
2S6
26%
Ratel 90
26%
Begleitpanzer 57
25%
G6
25%
Ostwind II
25%
T1E1 (90 mm)
25%
ADATS
24%
FlaRakRad
23%
Leclerc AZUR
23%
Type 87
21%
BTR-80A
20%
PUMA VJTF
20%
AMX-40
19%
Radkampfwagen 90
18%
Type 75
18%
AMX-50 Foch
16%
Merkava Mk.1
16%
Scimitar
16%
Type 74
16%
Zerstorer 45
16%
Challenger 3
15%
Namer 30
15%
KV-2 (ZiS-6)
14%
Leopard A1A1 L/44
13%
AMX-50 Surblinde
12%
Machbet
11%
Leclerc SXXI
10%
Marder CLOVIS
10%
Osa-AKM
10%
T-80U-E1
10%
ZTZ99A
10%
Challenger 2OES
9%
Christian II
9%
Type 75 MLRS
9%
T-72M2 Moderna
8%
Challenger 2E
7%
Centauro RGO
6%
Tiger II Sla.16
6%
VRCC
6%
ZSU-23-4M2
6%
Challenger 2 TES
5%
Merkava Mk.4B
5%
Merkava Mk.3D
4%
Strela-10M2
3%
Centauro 105 R
2%
Ratel ZT3-A2
2%
No matching quizzes found
Score Distribution
Percent of People with Each Score
Percentile by Number Answered
Your Score History
You have not taken this quiz